| 000 | 00869nam a2200277 c 4500 | ||
|---|---|---|---|
| 003 | BLK | ||
| 005 | 20180618135106.0 | ||
| 008 | 180408b bul|||||r ||||||| ||bul|| | ||
| 010 | _aKNG00053495000 | ||
| 020 |
_a3-85303-099-8 _bиздат.: Kerle |
||
| 040 | _aBLK | ||
| 041 |
_aDEU _cDEU |
||
| 080 |
_aНемска литература _b821.112.2 _x-93-32 _z821.112.2-93-32 |
||
| 100 | 1 |
_aReichenstetter, Friederun _eпърви автор _922218 |
|
| 139 |
_aReichenstetter, Friederun _bR 37 |
||
| 245 | 1 | 0 |
_aDer Michi, die Schweine und noch viel mehr _cFriederun Reichenstetter. |
| 257 | _aDEU | ||
| 260 |
_аWien _bKerle _c1996 |
||
| 300 |
_a62 c. _bс ил. _c21 cm |
||
| 380 | _aX | ||
| 852 | _aЦб 193552 | ||
| 856 | 4 |
_qpdf _u |
|
| 856 | 4 |
_qpdf _u |
|
| 942 |
_cKNG _n0 _01 |
||
| 944 |
_aCR _c01.01.1999 _kТеодора_Стоянова |
||
| 944 |
_aED _c08.02.2017 _kЛили_Борисова |
||
| 999 |
_c49639 _d49639 |
||